Fr. Conceicao Rodrigues College of Engineering

Digital filters: analysis & design (Record no. 31287)

MARC details
000 -LEADER
fixed length control field 00306nam a2200133Ia 4500
100 ## - MAIN ENTRY--PERSONAL NAME
Personal name Antoniou andreas
245 ## - TITLE STATEMENT
Title Digital filters: analysis & design
260 ## - PUBLICATION, DISTRIBUTION, ETC.
Name of publisher, distributor, etc. Tata Mc Graw hill
Place of publication, distribution, etc. New Delhi
Date of publication, distribution, etc. 1992
300 ## - PHYSICAL DESCRIPTION
Extent 524
546 ## - LANGUAGE NOTE
Language note ENGLISH
654 ## - SUBJECT ADDED ENTRY--FACETED TOPICAL TERMS
Focus term analysis & design
942 ## - ADDED ENTRY ELEMENTS (KOHA)
Koha item type BOOK
Holdings
Withdrawn status Lost status Damaged status Not for loan Collection Home library Current library Date acquired Source of acquisition Cost, normal purchase price Inventory number Total Checkouts Full call number Barcode Date last seen Cost, replacement price Price effective from Koha item type
        CRC Fr. Agnel's C.Rodrigues College of Engineering Fr. Agnel's C.Rodrigues College of Engineering 17/03/2023 Progressive Books 99.00 2077 dt 28.12.92   4063 17/03/2023 99.00 28/12/1992 BOOK
        CRC Fr. Agnel's C.Rodrigues College of Engineering Fr. Agnel's C.Rodrigues College of Engineering 17/03/2023 Progressive Books 99.00 2077 dt 28.12.92   4064 17/03/2023 99.00 28/12/1992 BOOK